Революция и Гражданская война в России, 1917-1923. Т. 3: Матушевский - Русаков (Запись № 518226)
[ простой вид ]
| 000 -МАРКЕР | |
|---|---|
| контрольное поле | 01082nam2a2200265 4500 |
| 001 - ИДЕНТИФИКАТОР ЗАПИСИ | |
| контрольное поле | RU\NLR\bibl\1298584 |
| 005 - ИДЕНТИФИКАТОР ВЕРСИИ | |
| контрольное поле | 20250615150329.0 |
| 010 ## - МЕЖДУНАРОДНЫЙ СТАНДАРТНЫЙ НОМЕР КНИГИ (ISBN) | |
| Номер (ISBN) | 978-5-273-00563-1 |
| Уточнения | Т. 3 |
| Тираж | 100000 |
| 021 ## - НОМЕР ГОСУДАРСТВЕННОЙ РЕГИСТРАЦИИ | |
| Код страны | Российская Федерация |
| Номер | 2008-77497 |
| Номер Листа государственной регистраци | 4487 |
| 035 ## - ДРУГИЕ СИСТЕМНЫЕ НОМЕРА | |
| Идентификатор записи | (NLR Aleph) 001284191 |
| 100 ## - ДАННЫЕ ОБЩЕЙ ОБРАБОТКИ | |
| Данные общей обработки | 20081126d2008 |||y0rusy50 ca |
| 101 0# - ЯЗЫК РЕСУРСА | |
| Язык текста, звукозаписи и т.д. | русский |
| 102 ## - СТРАНА ПУБЛИКАЦИИ ИЛИ ПРОИЗВОДСТВА | |
| Страна публикации | Российская Федерация |
| 105 ## - ПОЛЕ КОДИРОВАННЫХ ДАННЫХ: ТЕКСТОВЫЕ МАТЕРИАЛЫ, МОНОГРАФИЧЕСКИЕ | |
| Кодированные данные о монографическом текстовом документе | a ||||||||| |
| 200 1# - ЗАГЛАВИЕ И СВЕДЕНИЯ ОБ ОТВЕТСТВЕННОСТИ | |
| Основное заглавие | Матушевский - Русаков |
| 210 ## - ПУБЛИКАЦИЯ, РАСПРОСТРАНЕНИЕ И ДР. | |
| Дата издания, распространения и т.д. | 2008 |
| Место издания, распространения и т.д. | Б. м. |
| 215 ## - ФИЗИЧЕСКАЯ ХАРАКТЕРИСТИКА | |
| Специфическое обозначение материала и объем | 558, [1] с. |
| Другие сведения о физической характеристике | ил., цв. ил., портр. |
| 320 ## - ПРИМЕЧАНИЯ О НАЛИЧИИ В ДОКУМЕНТЕ БИБЛИОГРАФИИ / УКАЗАТЕЛЯ | |
| Текст примечания | Библиогр. в конце слов. ст. |
| 461 #0 - УРОВЕНЬ НАБОРА | |
| Встроенное поле | 001RU\NLR\bibl\1353829 |
| -- | 2001#$aРеволюция и Гражданская война в России, 1917-1923$vТ. 3 |
| Системный номер (АБИС) связанной записи | 848040 |
| Место публикации | Москва |
| Дата публикации | 2008 |
| Первые сведения об ответственности | [отв. ред. А. Матвеев] |
| Имя издателя, распространителя и т.д. | Терра |
| Сведения, относящиеся к заглавию | энциклопедия : в 4 т. |
| Заглавие | Революция и Гражданская война в России, 1917-1923 |
| ISBN | 978-5-273-00560-0 |
| Номер тома | Т. 3 |
| 801 #0 - ИСТОЧНИК ЗАПИСИ | |
| Страна | Российская Федерация |
| Организация | NLR |
| Дата составления | 20081126 |
| Правила каталогизации | RCR |
| 801 #1 - ИСТОЧНИК ЗАПИСИ | |
| Страна | Российская Федерация |
| Организация | NLR |
| Дата составления | 20081126 |
| 942 ## - ДОПОЛНИТЕЛЬНЫЕ ЭЛЕМЕНТЫ ЗАПИСИ (АБИС) | |
| Тип экземпляра АБИС | Книга |
| 980 ## - КОЛЛЕКЦИЯ | |
| Название коллекции | Национальная библиография |
| Тип экземпляра | Дата поступления | Источник поступления | Библиотека постоянного хранения | Библиотека текущего хранения | Место хранения | Шифр хранения | Штрих-код | Статус экземпляра | Стоимость |
|---|---|---|---|---|---|---|---|---|---|
| Книга | 19.11.2009 | Покупка | РНБ (Дом Плеханова) | РНБ (Дом Плеханова) | Подручный фонд Дома Плеханова | 3043883 | 1980.00 | ||
| Книга | 26.11.2008 | Обязательный экземпляр | РНБ (Московский) | РНБ (Московский) | Центральная справочная библиотека | С 2008-5/75 | 1-903163 | ||
| Книга | 26.11.2008 | Обязательный экземпляр | РНБ (Московский) | РНБ (Московский) | Центральная справочная библиотека | С 2008-5/75 | 1-903167 | ||
| Книга | 19.11.2009 | Покупка | РНБ (Московский) | РНБ (Московский) | Информационно-библиотечный отдел, фонд социально-экономической литературы, подручный | 3043877 | 1980.00 | ||
| Книга | 19.11.2009 | Покупка | РНБ (Московский) | РНБ (Московский) | Информационно-библиотечный отдел, фонд социально-экономической литературы, подручный | 3043880 | 1980.00 | ||
| Книга | 19.11.2009 | Покупка | РНБ (Садовая) | РНБ (Садовая) | Универсальный читальный зал | У Т3(2)711/Р-322 | 1-118928 | 1980.00 |